000 00830nam a22003017a 4500
001 BR8801877
003 BR-BrBNA
005 20230928092859.0
007 ta
008 230509b bl.||||| |||| 00| 0 por d
040 _aBR-BrBNA
_bpor
_cBiblioteca Nacional de Agricultura
041 _a(Por)
072 _aL74
_b3491
_b/G514
090 _ 3491 BR8801877
100 1 _aVianna, J.R.
110 1 _aSecretaria de Agricultura e Abastecimento, Rio de Janeiro, GB (Brasil)
_98640
245 1 _aPlantas toxicas [Rio de Janeiro]
260 3 _aRio de Janeiro, GB (Brasil):
_c1968.
300 _a31 p.
500 _a7 illus.; 8 ref.
650 _aPLANTA TOXICA
650 _aVARIEDADE
650 _aINTOXICACAO ANIMAL
650 _aSINTOMA
650 _aERRADICACAO
909 _a202309
_bLucia
_c55
_dLucia Elande
942 _cBK
999 _c41746
_d41746